书目信息 |
| 题名: |
你一定爱读的中国战争史
|
|
| 作者: | 始安公士或 著 | |
| 分册: | 3 秦朝 | |
| 出版信息: | 北京 台海出版社 2021.06 |
|
| 页数: | 339页 | |
| 开本: | 23cm | |
| 丛书名: | ||
| 单 册: | ||
| 中图分类: | E291-49 , E293.3 | |
| 科图分类: | ||
| 主题词: | 战争史--zhan zheng shi--中国--古代--通俗读物 , 战争史--zhan zheng shi--中国--秦代--通俗读物 | |
| 电子资源: | ||
| ISBN: | 978-7-5168-2988-2 | |
| 000 | 01068nam 2200313 450 | |
| 001 | CAL 004144992 | |
| 005 | 20210727155922.1 | |
| 010 | @a978-7-5168-2988-2@dCNY99.80 | |
| 092 | @aCN@bRt985-1246 | |
| 100 | @a20210723d2021 em y0chiy0120 ea | |
| 101 | 0 | @achi |
| 102 | @aCN@b110000 | |
| 105 | @ay a 000yy | |
| 106 | @ar | |
| 200 | 1 | @a你一定爱读的中国战争史@Ani yi ding ai du de zhong guo zhan zheng shi@h3@i秦朝@f始安公士或著 |
| 210 | @a北京@c台海出版社@d2021.06 | |
| 215 | @a339页@d23cm | |
| 300 | @a指文 | |
| 314 | @a始安公士或, “80后”历史研究者。 | |
| 320 | @a有书目 (第338-339页) | |
| 330 | @a本书以秦王政登基拉开序幕, 到秦朝灭亡落下帷幕, 涵盖这个朝代的大部分经典战役, 将绵长的历史以举重若轻的方式展现给读者。 | |
| 517 | 1 | @a秦朝@Aqin chao |
| 606 | 0 | @a战争史@Azhan zheng shi@y中国@z古代@j通俗读物 |
| 606 | 0 | @a战争史@Azhan zheng shi@y中国@z秦代@j通俗读物 |
| 690 | @aE291-49@v5 | |
| 690 | @aE293.3@v5 | |
| 701 | 0 | @a始安公士或@Ashi an gong shi huo@4著 |
| 801 | 0 | @aCN@b人天书店@c20210723 |
| 905 | @aTSG@b0001716@dE291-49@eS597:3@f1 | |
| 你一定爱读的中国战争史.3.秦朝/始安公士或著.-北京:台海出版社,2021.06 |
| 339页;23cm |
| 指文 |
| ISBN 978-7-5168-2988-2:CNY99.80 |
| 本书以秦王政登基拉开序幕, 到秦朝灭亡落下帷幕, 涵盖这个朝代的大部分经典战役, 将绵长的历史以举重若轻的方式展现给读者。 |
| ● |
| 相关链接 |
|
|
|
正题名:你一定爱读的中国战争史
索取号:E291-49/S597:3
 
预约/预借
| 序号 | 登录号 | 条形码 | 馆藏地/架位号 | 状态 | 备注 |
| 1 | 1549410 | 215494105 | 社科库509/509社科库 118排2列1层/ [索取号:E291-49/S597:3] | 在馆 |